LEADER 00825nam0-22002651i-450- 001 990004215590403321 005 19990530 035 $a000421559 035 $aFED01000421559 035 $a(Aleph)000421559FED01 035 $a000421559 100 $a19990530d1950----km-y0itay50------ba 101 0 $aeng 105 $ay-------001ay 200 1 $a<>Trumpet-major$eJohn Loveday a soldier in the war with Buonaparte$eand Robert his brother$efirst mate in the merchant service$ea tale$fby Thomas Hardy 210 $aLondon$cMacmillan$d1950 215 $aX, 374 p.$d22 cm 700 1$aHardy,$bThomas$f<1840-1928>$0142510 801 0$aIT$bUNINA$gRICA$2UNIMARC 901 $aBK 912 $a990004215590403321 952 $aP.3 BR.C.312$bBibl.32708$fFLFBC 959 $aFLFBC 996 $aTrumpet-Major$999902 997 $aUNINA